Šéf a líder nie je to isté. Týmto sa zásadne líšia!
Zásadné rozdiely medzi prístupom "obyčaného šéfa" a lídrom.
Enregistré dans:
| Auteur principal: | |
|---|---|
| Format: | Chapitre de livre |
| Langue: | slovaque |
| Sujets: | |
| Tags: |
Pas de tags, Soyez le premier à ajouter un tag!
|
MARC
| LEADER | 00000naa a2200000 4500 | ||
|---|---|---|---|
| 001 | 0246571 | ||
| 005 | 20221104113136.5 | ||
| 041 | 0 | |a slo | |
| 044 | |a SK | ||
| 245 | 1 | 0 | |a Šéf a líder nie je to isté. Týmto sa zásadne líšia! |c Andy Winson |
| 520 | |a Zásadné rozdiely medzi prístupom "obyčaného šéfa" a lídrom. | ||
| 610 | 2 | 0 | |a vedenie ľudí |
| 610 | 2 | 0 | |a vodcovstvo |
| 610 | 2 | 0 | |a lídri |
| 610 | 2 | 0 | |a komunikácia manažérska |
| 100 | 1 | |a Winson, Andy | |